Normal view
MARC view
- ELECTRONIC ENGINEERS HANDBOOK
Entry Topical Term
001 - CONTROL NUMBER
- control field: 78087
003 - CONTROL NUMBER IDENTIFIER
- control field: NUST
005 - DATE AND TIME OF LATEST TRANSACTION
- control field: 20210628210101.0
008 - FIXED-LENGTH DATA ELEMENTS
- fixed length control field: 210628|| aca||aabn | a|a d
040 ## - CATALOGING SOURCE
- Original cataloging agency: NUST
- Transcribing agency: NUST
150 ## - HEADING--TOPICAL TERM
- Topical term or geographic name entry element: ELECTRONIC ENGINEERS HANDBOOK
670 ## - SOURCE DATA FOUND
- Source citation: Work cat.: (NUST): THOMAS, HARRY.E 75564, HANDBOOK FOR ELECTRONIC ENGINEERS AND TECHNICIANS, 1965
